| 000 | 00456nam a2200169Ia 4500 | ||
|---|---|---|---|
| 008 | 241115s9999 xx 000 0 und d | ||
| 020 | _a0-471-30570-7 | ||
| 082 | _a512.5 ANT | ||
| 100 | _aAnton, Howard | ||
| 245 | 0 | _aElementary Linear Algebra: application version | |
| 250 | _a7th ed. | ||
| 260 |
_aNew York: _bJohn Willey and Sons, _c2000. |
||
| 300 | _axvi,779p. | ||
| 600 | _aHumanities & Natural Science | ||
| 650 | _aMathematics | ||
| 942 | _cBBD | ||
| 999 |
_c25605 _d25605 |
||